"De quelque chose" Titre de film - Statistiques

Statistiques générales
  • Ce quiz a été pris 141 fois
  • Le résultat moyen est 20 sur 28
Statistiques - réponses
Année Film % Correct
1939 Le magicien d' {Oz}
98%
1990 Cyrano de {Bergerac}
96%
1968 La planète des {Singes}
95%
1991 Le Silence des {agneaux}
94%
1998 Le diner de {cons}
92%
2001 Le fabuleux destin d' {Amélie Poulain}
89%
1964 Le gendarme de {Saint Tropez}
89%
1971 La folie des {grandeurs}
85%
2014 Les gardiens de {la Galaxie}
85%
2013 Le loup de {Wall} {Street}
83%
2003 Harry Potter et l'ordre du {Phénix}
80%
1994 La cité de {la peur}
80%
1988 Le tombeau des {Lucioles}
75%
1962 Lawrence d' {Arabie}
71%
1965 La mélodie du {Bonheur}
69%
1976 Les douze travaux d' {Astérix}
65%
1964 Les parapluies de {Cherbourg}
62%
1991 Robin des Bois, prince des {voleurs}
61%
1981 Les Aventuriers de {l'arche perdue}
60%
1992 Le Dernier des {Mohicans}
57%
2004 Un long dimanche de {fiançailles}
57%
1956 La traversée de {Paris}
54%
1964 Pour une poignée de {Dollars}
54%
1988 La Dernière Tentation du {Christ}
49%
2005 La Marche de {l'empereur}
47%
1995 Sur la route de {Madison}
44%
2016 Ma vie de {courgette}
31%
1940 La fille du {puisatier}
25%
Aucun quiz correspondant
Distribution des résultats
% des personnes avec chaque résultat
Percentile par nombre de réponses
Votre historique - résultats
Vous n’avez pas pris ce quiz